Компьютерное моделирование в нефтегазовом деле / ДО 2018: электронный курс
| Yazar: | |
|---|---|
| Müşterek Yazar: | |
| Diğer Yazarlar: | |
| Özet: | Заглавие с экрана Целями освоения дисциплины являются формирование у обучающихся: базовых знаний, связанных с применением методов решения задач нефтегазового дела; компьютерной обработкой экспериментальных результатов, их содержательной интерпретацией и анализом; а также владение средствами технического моделирования для наглядного представления результатов с использованием ЭВМ. Курс предназначен для студентов ЗФО обучающихся по направлению "Нефтегазовое дело" в 4(8) семестре обучения (в зависимости от профиля подготовки). Доступ по логину и паролю |
| Dil: | Rusça |
| Baskı/Yayın Bilgisi: |
Томск, TPU Moodle, 2020
|
| Konular: | |
| Online Erişim: | https://design.lms.tpu.ru/course/view.php?id=3444 |
| Materyal Türü: | MixedMaterials Elektronik Kitap |
| KOHA link: | https://koha.lib.tpu.ru/cgi-bin/koha/opac-detail.pl?biblionumber=666036 |
MARC
| LEADER | 00000nlm0a2200000 4500 | ||
|---|---|---|---|
| 001 | 666036 | ||
| 005 | 20231226142123.0 | ||
| 035 | |a (RuTPU)RU\TPU\network\37240 | ||
| 035 | |a RU\TPU\network\37239 | ||
| 090 | |a 666036 | ||
| 100 | |a 20211130d2020 m y0rusy50 ca | ||
| 101 | 0 | |a rus | |
| 102 | |a RU | ||
| 105 | |a a j 000zy | ||
| 135 | |a jrcn ---uucaa | ||
| 181 | 0 | |a i | |
| 182 | 0 | |a b | |
| 200 | 1 | |a Компьютерное моделирование в нефтегазовом деле / ДО 2018 |e электронный курс |f Е. М. Вершкова, В. С. Деева |g Национальный исследовательский Томский политехнический университет, Инженерная школа природных ресурсов, Отделение нефтегазового дела | |
| 203 | |a Текст |c электронный | ||
| 210 | |a Томск |c TPU Moodle |d 2020 | ||
| 300 | |a Заглавие с экрана | ||
| 330 | |a Целями освоения дисциплины являются формирование у обучающихся: базовых знаний, связанных с применением методов решения задач нефтегазового дела; компьютерной обработкой экспериментальных результатов, их содержательной интерпретацией и анализом; а также владение средствами технического моделирования для наглядного представления результатов с использованием ЭВМ. Курс предназначен для студентов ЗФО обучающихся по направлению "Нефтегазовое дело" в 4(8) семестре обучения (в зависимости от профиля подготовки). | ||
| 333 | |a Доступ по логину и паролю | ||
| 606 | 1 | |a Нефтегазовые месторождения |x Компьютерное моделирование |2 stltpush |3 (RuTPU)RU\TPU\subj\70288 |9 84642 | |
| 610 | 1 | |a электронный ресурс | |
| 610 | 1 | |a труды учёных ТПУ | |
| 610 | 1 | |a электронное обучение | |
| 610 | 1 | |a электронные курсы ТПУ | |
| 610 | 1 | |a учебные пособия | |
| 610 | 1 | |a электронные учебные пособия | |
| 610 | 1 | |a дистанционное образование | |
| 610 | 1 | |a дистанционное обучение | |
| 610 | 1 | |a геолого-математическое модели | |
| 610 | 1 | |a моделирование | |
| 610 | 1 | |a решение задач | |
| 610 | 1 | |a детерминированные подходы | |
| 610 | 1 | |a одномерные статистические модели | |
| 610 | 1 | |a многомерный анализ | |
| 675 | |a 553.98(075.8) |v 3 | ||
| 700 | 1 | |a Вершкова |b Е. М. |c специалист в области нефтегазового дела |c старший преподаватель Томского политехнического университета |f 1981- |g Елена Михайловна |3 (RuTPU)RU\TPU\pers\27710 |9 12784 | |
| 701 | 1 | |a Деева |b В. С. |c специалист в области электротехники |c доцент Томского политехнического университета, кандидат технических наук |f 1973- |g Вера Степановна |3 (RuTPU)RU\TPU\pers\30562 | |
| 712 | 0 | 2 | |a Национальный исследовательский Томский политехнический университет |b Инженерная школа природных ресурсов |b Отделение нефтегазового дела |3 (RuTPU)RU\TPU\col\23546 |
| 801 | 2 | |a RU |b 63413507 |c 20220708 |g RCR | |
| 856 | 4 | |u https://design.lms.tpu.ru/course/view.php?id=3444 | |
| 942 | |c CF | ||